000 00313nam a2200145Ia 4500
008 191201s2007 xx 000 0 und d
082 _a332
_bKHF
100 _aKHAN, M Y
245 0 _aFinancial Services
250 _a3rd
260 _aN.Delhi
_bTMH
_c2007
300 _a16.88
650 _aMBA
942 _2ddc
_cBK
999 _c2906
_d2906